000
00243nam a2200097Ia 4500
008
230508s2005 xx 000 0 und d
041
_a
eng
100
_a
S.L.GAVHALE
245
_a
AUTOMOBILE ENGINEERING - 5ED
260
_b
NIRALI PUBLI.PUNE
_c
2005
999
_c
337118
_d
337118